000 00337nam a22001577a 4500
003 SGT
020 _a978-81-239-2512-7
082 _a612
_bP15K
100 _aKAPOOR,RAJ
245 _aPHYSIOLOGY PRACTICAL MANUAL
250 _a2ND
260 _aNEW DELHI
_bC.B.S PUB
_c2015
300 _a236
650 _aPHARMACY
942 _2ddc
_cBK
_04
999 _c11131
_d11131